00339nam a2200145Ia 4500008004100000020001800041041000800059082001500067100001800082245002600100260002500126300000800151365001600159700001800175230718s9999 xx 000 0 und d a9780007156108 aeng a813.6bWEI aWeisberger L. aChasing Harry Winston c2008bHarper Collins a280 cRs.b195.00 aWeisberger L.